| 000 | 00832cam a2200265 a 4500 | ||
|---|---|---|---|
| 001 | 517646 | ||
| 003 | GBCCL | ||
| 005 | 20241126110341.0 | ||
| 008 | 861212s1987 ilu 000 0 eng | ||
| 010 | _a 86027688 | ||
| 020 | _a0877845727 (pbk.) | ||
| 040 |
_aDLC _cDLC _dDLC |
||
| 050 | 0 | 0 |
_aBV4501.2 _b.P32 1987 |
| 082 | 0 | 0 |
_a248.4 _219 _bPAL |
| 100 | 1 | _aPalms, Roger C. | |
| 245 | 1 | 0 |
_aGod guides your tomorrows : _bhow to be confident that God is leading your life / _cRoger C. Palms. |
| 250 | _aRev. ed. | ||
| 260 |
_aDowners Grove, Ill. : _bInterVarsity Press, _c1987. |
||
| 300 |
_a96 p. ; _c18 cm. |
||
| 500 | _aPrevious ed. published as: God holds your tomorrows. 1976. | ||
| 650 | 0 |
_aGod (Christianity) _xWill. |
|
| 650 | 0 | _aChristian life. | |
| 906 |
_a7 _bcbc _corignew _d1 _eocip _f19 _gy-gencatlg |
||
| 942 |
_2ddc _cBK _05 |
||
| 999 |
_c566 _d566 |
||